LEADER 01458nam a2200313 u 4500 001 000000053519 003 CaOOAMICUS 005 20070226115553.0 008 001116s2000 it u000 u ita u 035 $a10861500 040 $aPUL$bita 100 1 $aBakó, Maria Hajnalka.$0(OLS)http://pul/name/38088 245 13$aLa diakonia di carità dei malati nella famiglia laica camilliana /$cMaria Hajnalka Bakó. 260 $aRomae :$b[s.n.],$c2000. 300 $axvii, 120 p. ;$c28 cm 500 $aIn testa al front.: Pontificia Facultas Theologica Teresianum, Institutum Internationale Theologiae Pastoralis Sanitariae Camillianum. 500 $a"Pars dissertationis ad lauream". 504 $a"Bibliografia": p. [95]-120. 600 04$aCamillus de Lellis,$cs.,$d1550-1614.$0(OLS)http://pul/subject/4145 610 24$aChierici regolari ministri degli infermi.$0(OLS)http://pul/subject/4146 850 $aPUL 852 $aPUL$W1$xDP1 Tesi Pon. Fac. Teresianum$y48$mTH TER 193$j70601$nBK-PRI$b $qTesi$B70601$CPULBib$Z2$F70601 $H $81 941 1 $a16 960 $aCamillo de Lellis,$cs.,$d1550-1614? $94145 960 $aDe Lellis, Camillo,$cM.I.,$d1550-1614? $94145 960 $aOrdine di s. Camillo$94146 961 $aINV: 82759 996 $6245$aLa diakonia di carità dei malati nella famiglia laica camilliana$9(OLS)http://pul/title/71791 996 $6260$aRomae :$b[s.n.]$9(OLS)http://pul/publisher/48223 LEADER 01440namaa2200301 i 4500 001 000000177220 003 CaOOAMICUS 005 20240912111854.0 007 tu 008 240912s2023 it m 000 u eng r 040 $aPUL$bita$erda 100 1 $aRebeiro, Shipon Peter,$csacerdote,$d1979-,$eautore dissertazione.$0(OLS)http://pul/name/113946 245 11$a"Be thou for the people before God" : $bthe figure of Jethro for Moses. A reading of Ex 18 /$cRebeiro Shipon Peter. 264 1$aRoma :$b[s.n.],$c2023. 300 $a78 pagine ; $c24 cm 336 $atesto$btxt$2rdacontent 337 $asenza mediazione$bn$2rdamedia 338 $avolume$bnc$2rdacarrier 502 $aEstratto di dissertazione: Pontificia Università Gregoriana, Facoltà di Teologia, n. 7139. 504 $aBibliografia: pagine [51]-72. 630 04$aBiblia.$pV.T.$pExodus$xCritica, interpretazione, ecc.$0(OLS)http://pul/subject/6714 710 2 $aPontificia Università Gregoriana.$bFacoltà di teologia.$kTesi.$0(OLS)http://pul/name/81592 850 $aPUL 852 $aPUL$W1$xDP1 Tesi Pon. Univ. Gregoriana$y40$m2023 B 38$j201208$qTesi$B206174$CPULBib$Z2$F206174 $Hnull $82 941 1 $a16 996 $6245$a"Be thou for the people before God" : $bthe figure of Jethro for Moses. A reading of Ex 18$9(OLS)http://pul/title/218728 996 $6264$aRoma :$b[s.n.]$9(OLS)http://pul/publisher/47958